| Tag |
First Indicator |
Second Indicator |
Subfields |
| LEADER |
00000cam a2200000 4500 |
| 001 |
in00000062097 |
| 005 |
20151008051117.0 |
| 008 |
760615s1951 mau b 00100 eng |
| 010 |
|
|
|a 51011530
|
| 035 |
|
|
|a (OCoLC)02228545
|
| 035 |
|
|
|9 AAG5812AM
|
| 040 |
|
|
|a DLC
|c BAL
|d TXA
|d UtOrBLW
|
| 049 |
|
|
|a TXAM
|c [212186]
|
| 050 |
0 |
0 |
|a HJ4653.E85
|b H3
|
| 082 |
0 |
|
|a 336.24
|
| 092 |
|
|
|a 336.24
|b H174e
|
| 100 |
1 |
|
|a Hall, Challis A.
|
| 245 |
1 |
0 |
|a Effects of taxation :
|b executive compensation and retirement plans.
|
| 264 |
|
1 |
|a Boston :
|b Division of Research, Graduate School of Business Administration, Harvard University,
|c 1951.
|
| 300 |
|
|
|a xv, 365 pages ;
|c 22 cm.
|
| 336 |
|
|
|a text
|b txt
|2 rdacontent
|
| 337 |
|
|
|a unmediated
|b n
|2 rdamedia
|
| 338 |
|
|
|a volume
|b nc
|2 rdacarrier
|
| 500 |
|
|
|a "The third volume...in the general study of the effects of taxation on business conducted through the Harvard Graduate School of Business Administration."
|
| 504 |
|
|
|a Bibliographical footnotes.
|
| 650 |
|
0 |
|a Executives.
|
| 650 |
|
0 |
|a Income tax
|z United States.
|
| 650 |
|
0 |
|a Wages
|z United States.
|
| 650 |
|
0 |
|a Old age pensions
|z United States.
|
| 999 |
|
|
|a MARS
|
| 999 |
f |
f |
|s b439930a-91e7-3ce1-93bc-bbce0a83e625
|i d4856cc4-e51f-3027-8cd6-1286e8f73a11
|t 0
|
| 952 |
f |
f |
|p ric
|a Texas A&M University
|b Rellis Campus
|c Joint Library Facility
|d Remote Storage
|t 0
|e HJ4653.E85 H3
|h Library of Congress classification
|i unmediated -- volume
|m A14800749635
|
| 998 |
f |
f |
|a HJ4653.E85 H3
|t 0
|l Remote Storage
|